| 000 | 00962cab a2200301 4500 | ||
|---|---|---|---|
| 001 | ABS50718 | ||
| 008 | 090401t1994 xxu||||| |||| 00| 0 eng d | ||
| 035 | _a(Sirsi) u21836 | ||
| 041 | _aeng | ||
| 100 | _aAuchincloss, M. | ||
| 245 | _aAdvertising hoardings | ||
| 260 | _c1994 | ||
| 350 | _a0 | ||
| 490 |
_aEstates Gazette _v(9422) 4 June 1994, 108-110(3) |
||
| 520 | _aReviews the planning law as it affects advertising hoardings and points out the commercial advantages hoardings can offer landlords. | ||
| 650 | _aADVERTISING HOARDINGS | ||
| 650 | _aAREAS OF SPECIAL CONTROL OF ADVERTISEMENTS | ||
| 650 | _aCONTROL OF ADVERTISING REGULATIONS | ||
| 650 | _aOUTDOOR ADVERTISING | ||
| 650 | _aPLANNING AND COMPENSATION ACT 1991 | ||
| 650 | _aPLANNING CONTROL | ||
| 650 | _aPOSTER PANELS | ||
| 650 | _aPOSTERS | ||
| 650 | _aTOWN AND COUNTRY PLANNING ACT 1990 | ||
| 690 | _aPLANNING LAW AND PRACTICE | ||
| 942 | _n0 | ||
| 948 | _c04/03/1997 | ||
| 999 |
_c14633 _d14633 |
||